| 000 | 01390cab a2200193 4500 | ||
|---|---|---|---|
| 001 | L129324 | ||
| 008 | 050412n2005 000 0 eng u | ||
| 035 | _a(Sirsi) u129324 | ||
| 041 | _aeng | ||
| 110 |
_aEnergy Networks Association _94684 |
||
| 245 | _aWayleaves compensation scales revised | ||
| 260 | _c2005 | ||
| 490 | _aEnergy Networks Association Press Release | ||
| 520 | _aNew wayleave compensation scales have been recommended to compensate landowners for the presence of electricity companies' apparatus on their land. Wayleave compensation comprises two elements divided between landowners and occupiers (owner-occupiers receive both). The recommendation as to the revised scales payable to landowners is effective from 1 April 2005 until 31 March 2009. Farmers do not need to apply to their electricity company for the increases. The occupiers' payment scales will continue at existing levels pending the outcome of continuing research by ADAS and discussions between electricity companies and the Country Land and Business Association, National Farmers Union and the Farmers Union of Wales. Includes the schedule of new rates. | ||
| 590 | _aIKA150405 | ||
| 690 | _aPROPERTY-PROPERTY MANAGEMENT-EASEMENTS-WAYLEAVES | ||
| 856 |
_uhttps://www.energynetworks.org/ena_index/enaindex_default.asp _zView the press release free of charge at www.energyworks.org... |
||
| 942 | _n0 | ||
| 999 |
_c75066 _d75066 |
||